000 00589nam a22002177a 4500
999 _c13821
_d13821
003 MIRAKIL
005 20200313151330.0
008 200313b tu ||||| |||| 00| 0 tur d
020 _a9944963038
040 _aTR-AnCHP
_btur
_cTR-AnCHP
041 _atur
082 _a302.4
_bG74t 2006
100 _aGöka, Erol
245 _aTürk Grup davranışı/
_cErol Göka.
250 _a3.bs.
260 _aAnkara:
_bAşina Kitaplar,
_c2006
300 _a271 s.:
_c21 sm.
650 0 _aToplumsal etkileşim
_96318
_xTürkiye
650 0 _aGrup davranışı
_96319
_xTürkiye
942 _2ddc
_cBKS